Dirt, undress, and difference : critical perspectives on the body's surface

Αποθηκεύτηκε σε:
Λεπτομέρειες βιβλιογραφικής εγγραφής
Άλλοι συγγραφείς: Masquelier, Adeline Marie, 1960-
Μορφή: Βιβλίο
Γλώσσα:English
Δημοσίευση: Bloomington : Indiana University Press, c2005.
Θέματα:
Ετικέτες: Προσθήκη ετικέτας
Δεν υπάρχουν, Καταχωρήστε ετικέτα πρώτοι!

MARC

LEADER 00000cam a2200000 a 4500
001 1/112407
008 050222s2005####inua b 101 0 eng||
020 |a 0253217830  
041 0 |a eng 
082 0 0 |a 391   |2 (23)  
245 0 0 |a Dirt, undress, and difference :   |b critical perspectives on the body's surface /   |c edited by Adeline Masquelier.  
260 |a Bloomington :   |b Indiana University Press,   |c c2005.  
300 |a x, 264 σ. :   |b εικ. ;   |c 25 εκ.  
500 |a Papers originally presented at a panel entitled "The Politics of Dirt and Nudity in Africa" held at the 2000 American Anthropological Association Annual Meeting in San Francisco.  
504 |a Περιλαμβάνει βιβλιογραφία και ευρετήριο.  
505 0 |a Dirt, undress, and difference : an introduction / Adeline Masquelier -- The naked and the nude : historically multiple meanings of oto (undress) in southeastern Nigeria / Misty L. Bastian -- Breasts, (un)dress, and, modernist desires in the Balinese-tourist encounter / Margaret Wiener -- Body talk : revelations of self and body in contemporary strip clubs / Katherine Frank -- The naked spirit : disrobing, deviance, and dissent in Bori possession / Adeline Masquelier -- Japanese bodies and Western ways of seeing in the late nineteenth century / Satsuki Kawano -- Purity and conquest in the Anglo-Egyptian Sudan / Janice Boddy -- Did you bathe this morning? : baths and morality in Botswana / Deborah Durham -- The politics of dirt and gender : body techniques in Bengali India / Sarah Lamb -- Corrupted alterities : body politics in the time of the Iranian diaspora / Janet Bauer.  
650 0 |a Clothing and dress  |x Social aspects  |v Congresses. 
650 0 |a Nudity  |x Social aspects  |v Congresses. 
650 0 |a Hygiene  |x Social aspects  |v Congresses. 
650 0 |a Bathing customs  |x Social aspects  |v Congresses. 
650 0 |a Human body  |x Social aspects  |v Congresses. 
700 1 |a Masquelier, Adeline Marie,  |d 1960- 
852 |a INST  |b LESVOS  |e 20161129  |h 391 DIR  |p 005100058239  |q 005100058239  |t BK  |y 0 
970 |a Τζαφέρη  |b Ευαγγελία  |z 29-11-2016